Proyectos de inversión en ingeniería (su metodología) / Victoria Eugenia Erossa Martín (Registro nro. 18801)
[ vista simple ]
| 000 -LÍDER | |
|---|---|
| fixed length control field | 00503nam a2200157 4500 |
| 008 - ELEMENTOS DE LONGITUD FIJA -- INFORMACIÓN GENERAL | |
| fixed length control field | 01987 2003 0a 000 0Mex |
| 020 ## - NÚMERO INTERNACIONAL NORMALIZADO PARA LIBROS | |
| ISBN | 968-18-1933-0 |
| 050 ## - SIGNATURA TOPOGRAFICA DE LA BIBLIOTECA DEL CONGRESO (LC) | |
| Número de Clasificación | TA190 E76 |
| 082 ## - NUMERO DE CLASIFICACION DECIMAL DEWEY | |
| Número de Clasificación | 658.404 E572p |
| 100 ## - ASIENTO PRINCIPAL--NOMBRE PERSONAL | |
| Nombre personal | Erossa Martín, Victoria Eugenia |
| 245 ## - TÍTULO | |
| Título | Proyectos de inversión en ingeniería (su metodología) / Victoria Eugenia Erossa Martín |
| 260 ## - PUBLICACIÓN, DISTRIBUCIÓN, ETC. (PIE DE IMPRENTA) | |
| Lugar de publicación, distribución, etc. | México : Limusa |
| 300 ## - DESCRIPCIÓN FÍSICA | |
| Extensión | 227 p. / 25 cm. |
| 500 ## - NOTA GENERAL | |
| Nota general | 9a. Reimpresión 2003 |
| 650 ## - ASIENTO SECUNDARIO DE MATERIA - TERMINO TEMÁTICO | |
| Término temático o nombre geográfico como elemento de entrada | 1.INVERSION \ 2.INGENIERIA |
| No. biblioteca | No. biblioteca | Número de clasificación | Código de barras/Número de adquisición | Número de copia | Tipo de material |
|---|---|---|---|---|---|
| LUIS G. INCLAN | LUIS G. INCLAN | 658.404 E572p | 19773 | 4 | Libros |
| LUIS G. INCLAN | LUIS G. INCLAN | 658.404 E572p | 19774 | 5 | Libros |
| LUIS G. INCLAN | LUIS G. INCLAN | 658.404 E572p | 19775 | 6 | Libros |
| LUIS G. INCLAN | LUIS G. INCLAN | 658.404 E572p | 19776 | 7 | Libros |
| LUIS G. INCLAN | LUIS G. INCLAN | 658.404 E572p | 19777 | 8 | Libros |
| LUIS G. INCLAN | LUIS G. INCLAN | 658.404 E572p | 19778 | 9 | Libros |
| LUIS G. INCLAN | LUIS G. INCLAN | 658.404 E572p | 19779 | 10 | Libros |
| LUIS G. INCLAN | LUIS G. INCLAN | 658.404 E572p | 19780 | 11 | Libros |
| LUIS G. INCLAN | LUIS G. INCLAN | 658.404 E572p | 22450 | 12 | Libros |
| LUIS G. INCLAN | LUIS G. INCLAN | 658.404 E572p | 25838 | 13 | Libros |
| LUIS G. INCLAN | LUIS G. INCLAN | 658.404 E572p | 45489 | 14 | Libros |
| LUIS G. INCLAN | LUIS G. INCLAN | 658.404 E572p | 45490 | 15 | Libros |
